Suspensión de los actos administrativos por los tribunales de lo contencioso / (Record no. 177590)

MARC details
000 -LEADER
campo de control de longitud fija 00859nam a22002175i 4500
001 - NÚMERO DE CONTROL
campo de control 177590
003 - IDENTIFICADOR DE NÚMERO DE CONTROL
campo de control ES-MaACL
005 - FECHA Y HORA DE LA ÚLTIMA TRANSACCIÓN
campo de control 20230906220353.0
008 - DATOS DE LONGITUD FIJA--INFORMACIÓN GENERAL
campo de control de longitud fija 110405s1963 sp |||| | spa d
080 ## - NÚMERO DE LA CLASIFICACIÓN DECIMAL UNIVERSAL
Número de la Clasificación Decimal Universal 351.95(460)
100 1# - ENTRADA PRINCIPAL--NOMBRE DE PERSONA
Nombre de persona Martín Retortillo, Cirilo.
9 (RLIN) 77625
245 10 - MENCIÓN DEL TÍTULO
Título Suspensión de los actos administrativos por los tribunales de lo contencioso /
Mención de responsabilidad, etc. por Cirilo Martín-Retortillo González.
260 ## - PUBLICACIÓN, DISTRIBUCIÓN, ETC.
Lugar de publicación, distribución, etc. Madrid :
Nombre del editor, distribuidor, etc. Montecorvo,
Fecha de publicación, distribución, etc. 1963.
300 ## - DESCRIPCIÓN FÍSICA
Extensión 161, [2] p. ;
Dimensiones 24 cm.
490 1# - MENCIÓN DE SERIE
Mención de serie Monografías. Colección de estudios jurídicos ;
Designación de volumen o secuencia 2
650 04 - PUNTO DE ACCESO ADICIONAL DE MATERIA--TÉRMINO DE MATERIA
Término de materia o nombre geográfico como elemento de entrada Suspensión de actos administrativos-
Subdivisión geográfica España.
9 (RLIN) 17270
650 04 - PUNTO DE ACCESO ADICIONAL DE MATERIA--TÉRMINO DE MATERIA
Término de materia o nombre geográfico como elemento de entrada Procedimiento contencioso administrativo-
Subdivisión geográfica España.
9 (RLIN) 16424
830 0# - PUNTO DE ACCESO ADICIONAL DE SERIE-TÍTULO UNIFORME
Título uniforme Monografías. Colección de estudios jurídicos ;
Designación de volumen o secuencia 2
9 (RLIN) 190484
852 ## - LOCALIZACIÓN
Ubicación ES-MaACL
Número de control de estantería E-14793
Encuadernación Olim P-860-bis
Holdings
Estatus retirado Estado de pérdida Estado de daño No para préstamo Biblioteca de origen Biblioteca actual Ubicación en estantería Fecha de adquisición Fuente de adquisición Total de préstamos Signatura topográfica completa Código de barras Visto por última vez Precio de reemplazo Tipo de ítem Koha
        Biblioteca del Ateneo de Madrid Biblioteca del Ateneo de Madrid Depósito 2 05/04/2011     E-14793 1186536 23/02/2023 23/02/2023 Libro impreso